Study to Assess the Effectiveness of Planned Teaching on Knowledge of First Aid Management among School Teachers in a selected Schools in Pune City. (Record no. 252229)

MARC details
000 -LEADER
fixed length control field 00487pam a2200157a 44500
008 - FIXED-LENGTH DATA ELEMENTS--GENERAL INFORMATION
fixed length control field 230405s2010 xxu||||| |||| 00| 0 eng d
082 ## - DEWEY DECIMAL CLASSIFICATION NUMBER
Classification number
Item number NIN
100 ## - MAIN ENTRY--PERSONAL NAME
Personal name Ninan,Jincy,
245 ## - TITLE STATEMENT
Title Study to Assess the Effectiveness of Planned Teaching on Knowledge of First Aid Management among School Teachers in a selected Schools in Pune City.
260 ## - PUBLICATION, DISTRIBUTION, ETC.
Place of publication, distribution, etc.
Name of publisher, distributor, etc.
Date of publication, distribution, etc. 2010
502 ## - DISSERTATION NOTE
Dissertation note text
700 ## - ADDED ENTRY--PERSONAL NAME
Personal name Abraham,Sara
700 ## - ADDED ENTRY--PERSONAL NAME
Personal name Lobo, Valentina
700 ## - ADDED ENTRY--PERSONAL NAME
Personal name Varghese,Lincy
906 ## - LOCAL DATA ELEMENT F, LDF (RLIN)
a 004158

No items available.